Ucl 25/26 teams - Statistics

General Stats
  • This quiz has been taken 114 times
    113 since last reset
  • The average score is 23 of 36
Answer Stats
Country Team % Correct
England ๐Ÿด๓ ง๓ ข๓ ฅ๓ ฎ๓ ง๓ ฟ Manchester City
99%
Spain ๐Ÿ‡ช๐Ÿ‡ธ FC Barcelona
96%
Spain ๐Ÿ‡ช๐Ÿ‡ธ Real Madrid
96%
England ๐Ÿด๓ ง๓ ข๓ ฅ๓ ฎ๓ ง๓ ฟ Chelsea
95%
England ๐Ÿด๓ ง๓ ข๓ ฅ๓ ฎ๓ ง๓ ฟ Liverpool
95%
England ๐Ÿด๓ ง๓ ข๓ ฅ๓ ฎ๓ ง๓ ฟ Arsenal
94%
Spain ๐Ÿ‡ช๐Ÿ‡ธ Atletico Madrid
93%
Italy ๐Ÿ‡ฎ๐Ÿ‡น Inter Milan
93%
Germany ๐Ÿ‡ฉ๐Ÿ‡ช Bayern Munich
92%
France ๐Ÿ‡ซ๐Ÿ‡ท PSG
89%
Germany ๐Ÿ‡ฉ๐Ÿ‡ช Borussia Dortmund
86%
Italy ๐Ÿ‡ฎ๐Ÿ‡น Juventus
86%
England ๐Ÿด๓ ง๓ ข๓ ฅ๓ ฎ๓ ง๓ ฟ Tottenham
85%
Italy ๐Ÿ‡ฎ๐Ÿ‡น Napoli
83%
England ๐Ÿด๓ ง๓ ข๓ ฅ๓ ฎ๓ ง๓ ฟ Newcastle United
82%
Spain ๐Ÿ‡ช๐Ÿ‡ธ Villarreal
80%
France ๐Ÿ‡ซ๐Ÿ‡ท Olympique Marseille
78%
Spain ๐Ÿ‡ช๐Ÿ‡ธ Athletic Bilbao
72%
Italy ๐Ÿ‡ฎ๐Ÿ‡น Atalanta
70%
France ๐Ÿ‡ซ๐Ÿ‡ท AS Monaco
69%
Germany ๐Ÿ‡ฉ๐Ÿ‡ช Bayer Leverkusen
66%
Netherlands ๐Ÿ‡ณ๐Ÿ‡ฑ PSV
65%
Germany ๐Ÿ‡ฉ๐Ÿ‡ช Eintracht Frankfurt
61%
Turkey ๐Ÿ‡น๐Ÿ‡ท Galatasaray
56%
Belgium ๐Ÿ‡ง๐Ÿ‡ช Club Brugge
50%
Norway ๐Ÿ‡ณ๐Ÿ‡ด Bodo/Glimt
46%
Cyprus ๐Ÿ‡จ๐Ÿ‡พ Pafos
41%
Portugal ๐Ÿ‡ต๐Ÿ‡น Sporting Lisbon
40%
Kazakhstan ๐Ÿ‡ฐ๐Ÿ‡ฟ Kairat Almaty
36%
Azerbaijan ๐Ÿ‡ฆ๐Ÿ‡ฟ Qarabag
34%
Netherlands ๐Ÿ‡ณ๐Ÿ‡ฑ Ajax Amsterdam
27%
Czechia ๐Ÿ‡จ๐Ÿ‡ฟ Slavia Praha
22%
Greece ๐Ÿ‡ฌ๐Ÿ‡ท Olympiakos
20%
Portugal ๐Ÿ‡ต๐Ÿ‡น Benfica Lisbon
19%
Belgium ๐Ÿ‡ง๐Ÿ‡ช Royale Union
7%
Denmark ๐Ÿ‡ฉ๐Ÿ‡ฐ FC Kรธbenhavn
2%
No matching quizzes found
Score Distribution
Percent of People with Each Score
Percentile by Number Answered
Your Score History
You have not taken this quiz since the last reset